Knots and surfaces : a guide to discovering mathematics
Αποθηκεύτηκε σε:
| Κύριος συγγραφέας: | |
|---|---|
| Άλλοι συγγραφείς: | |
| Μορφή: | Βιβλίο |
| Γλώσσα: | English |
| Δημοσίευση: |
Providence, R.I. :
American Mathematical Society,
c1996
|
| Σειρά: | Mathematical world ;
; 6 |
| Θέματα: | |
| Ετικέτες: |
Προσθήκη ετικέτας
Δεν υπάρχουν, Καταχωρήστε ετικέτα πρώτοι!
|
MARC
| LEADER | 00000nam a2200000 i 4500 | ||
|---|---|---|---|
| 001 | 1/76951 | ||
| 008 | 080307s1996 eng d | ||
| 020 | |a 0-8218-0451-0 | ||
| 035 | |l 10095305 | ||
| 040 | |a GR-MY-UA |b gre |e aacr | ||
| 041 | 0 | |a eng | |
| 082 | 0 | |a 511.5 |2 (22) | |
| 100 | 1 | |a Farmer, David W. |d 1963- | |
| 245 | 1 | 0 | |a Knots and surfaces : |b a guide to discovering mathematics / |c David W. Farmer and Theodore B. Stanford |
| 260 | |a Providence, R.I. : |b American Mathematical Society, |c c1996 | ||
| 300 | |a vii, 101 σ.; |b εικ.; |c 26 εκ. | ||
| 490 | 1 | |a Mathematical world |v ; 6 | |
| 504 | |a Περιέχει βιβλιογραφικές παραπομπές (σ. 97-98) και ευρετήριο | ||
| 650 | 0 | 0 | |a Graph theory. |
| 650 | 0 | 0 | |a Knot theory. |
| 650 | 0 | 0 | |a Surfaces. |
| 700 | 1 | |a Stanford, Theodore B. |d 1964- | |
| 830 | 0 | |a Mathematical world ; |v ; 6 | |
| 852 | |a INST |b SAMOS |e 20080307 |h 511.5 FAR |p 005300026714 |q 005300026714 |t BK |y 0 | ||
| 901 | |a BIBL3-2008-1 | ||
| 909 | |a Σ |b 145370 | ||
| 922 | |a 3ΕΛΗ |b 200801 |c ΕΠΕΑΕΚ2/ΤΜΗΜΑ ΜΑΘΗΜΑΤΙΚΩΝ |d ΠΑΠΑΣΩΤΗΡΙΟΥ | ||
| 970 | |a ΡΟΥΣΣΟΥ |b ΚΩΝΣΤΑΝΤΙΝΑ |z 2008/03/07 | ||